000 00746nam a22002057a 4500
005 20240626100728.0
008 240626b ||||| |||| 00| 0 eng d
020 _a9780387974309
040 _aCO-BoUCM
_cDavid Moreno
_dDavid Moreno
041 _aeng
100 1 _aMassey, William S.
_9181576
245 1 2 _aA basic course in algebraic topology
_cWilliam S. Massey.
260 _aNew York
_bSpringer-Verlag
_c[1991]
300 _axvi, 428 Paginas
_bilustraciones
490 _aGraduate texts in mathematics ; v127
504 _aIncluye referencias bibliográficas e índices
650 1 4 _aTopología algebraica
_xTeoria homologica
_9181443
942 _2DEWEY
_a25
_cLIBRO
_e1
_h514.2
_mM416b
_n0
999 _c324415
_d324415